[Event "Paris-ch rapid"]
[Site "Paris"]
[Date "2015.??.??"]
[Round "?"]
[White "Grimberg, Gilbert"]
[Black "Cotonnec, Melkior"]
[Result "1/2-1/2"]
[WhiteElo "2275"]
[BlackElo "2350"]
[PlyCount "44"]
[EventDate "2015.03.01"]
[EventType "swiss (rapid)"]
[EventCountry "FRA"]
[SourceTitle "EXT 2016"]
[Source "ChessBase"]
[SourceDate "2015.10.08"]
[SourceVersion "1"]
[SourceVersionDate "2015.10.08"]
[SourceQuality "1"]

1. e4 c5 2. Nf3 g6 3. c3 d5 4. exd5 Qxd5 5. d4 cxd4 6. cxd4 Bg7 7. Nc3 Qd8 8. Bc4 Nh6 9. Bf4 0-0 10. Qd2 Nf5 11. Rd1 Nc6 12. d5 Ncd4 13. Nxd4 Nxd4 14. 0-0 Bg4 15. f3 Bd7 16. Be3 Nf5 17. Bf2 a6 18. Bb3 Qa5 19. Rfe1 Rfe8 20. Qf4 Rac8 21. g4 Nd6 22. Bd4 Qb4 1/2-1/2

[Event "FRA-ch Accession"]
[Site "Pau"]
[Date "2012.08.16"]
[Round "3"]
[White "Gozzoli, Yannick"]
[Black "Grimberg, Gilbert"]
[Result "1/2-1/2"]
[WhiteElo "2547"]
[BlackElo "2295"]
[PlyCount "98"]
[EventDate "2012.08.14"]
[EventType "swiss"]
[EventRounds "11"]
[EventCountry "FRA"]
[SourceTitle "CBM 150 Extra"]
[Source "ChessBase"]
[SourceDate "2012.10.19"]
[SourceVersion "1"]
[SourceVersionDate "2012.10.19"]
[SourceQuality "1"]

1. e4 c5 2. Nf3 d6 3. d4 cxd4 4. Nxd4 Nf6 5. Nc3 Nc6 6. Bg5 Bd7 7. Qd2 Rc8 8. 0-0-0 Nxd4 9. Qxd4 Qa5 10. f4 Rxc3 11. bxc3 e5 12. Qb4 Qxb4 13. cxb4 Nxe4 14. Rd5 Nxg5 15. fxg5 Be7 16. h4 h6 17. g6 fxg6 18. Bd3 0-0 19. Ra5 a6 20. Be4 Rf4 21. Bxb7 Rxb4 22. Bd5+ Kh7 23. Rxa6 Bxh4 24. c4 Bf2 25. a3 Rb8 26. Be4 Bf5 27. Bxf5 gxf5 28. Rxd6 Bc5 29. Ra6 Bd4 30. Rh3 Rc8 31. Rb3 Rxc4+ 32. Kd2 e4 33. Re6 Bf6 34. Rb5 Bg5+ 35. Kd1 Rc1+ 36. Ke2 Rc2+ 37. Kd1 Rd2+ 38. Ke1 Rxg2 39. Rxf5 Ra2 40. Rxe4 Rxa3 41. Re6 Re3+ 42. Rxe3 Bxe3 43. Rf7 Bd4 44. Kf1 Bc3 45. Kg2 Bd4 46. Kf1 Bc3 47. Kg2 Bd4 48. Kf1 Bc3 49. Kg2 Bd4 1/2-1/2

[Event "FRA-chT2 1011"]
[Site "France"]
[Date "2010.11.14"]
[Round "3.1"]
[White "Grimberg, Gilbert"]
[Black "Onkoud, Abdelaziz"]
[Result "0-1"]
[WhiteElo "2294"]
[BlackElo "2375"]
[PlyCount "43"]
[EventDate "2010.10.17"]
[EventType "team-tourn"]
[EventRounds "11"]
[EventCountry "FRA"]
[SourceTitle "EXT 2012"]
[Source "ChessBase"]
[SourceDate "2011.11.24"]
[SourceVersion "1"]
[SourceVersionDate "2011.11.24"]
[SourceQuality "1"]

1. d4 Nf6 2. Nf3 e6 3. c4 c5 4. d5 exd5 5. cxd5 Bd6 6. g3 0-0 7. Bg2 Re8 8. 0-0 Bf8 9. Nc3 d6 10. Nd2 Na6 11. b3 Rb8 12. Bb2 b5 13. a4 b4 14. Ncb1 Nc7 15. e4 Ba6 16. Re1 Nd7 17. Bf1 Bxf1 18. Kxf1 Ne5 19. Bxe5 Rxe5 20. Nc4 Re8 21. Qf3 Qd7 22. Nbd2 0-1

[Event "FRA-ch Accession"]
[Site "Nimes"]
[Date "2009.08.20"]
[Round "9"]
[White "Migot, Tangi"]
[Black "Grimberg, Gilbert"]
[Result "1/2-1/2"]
[WhiteElo "2114"]
[BlackElo "2336"]
[PlyCount "81"]
[EventDate "2009.08.11"]
[EventType "swiss"]
[EventRounds "9"]
[EventCountry "FRA"]
[SourceTitle "CBM 132 Extra"]
[Source "ChessBase"]
[SourceDate "2009.11.03"]
[SourceVersion "1"]
[SourceVersionDate "2009.11.03"]
[SourceQuality "1"]

1. e4 d6 2. d4 Nf6 3. Nc3 e5 4. Nf3 Nbd7 5. Bc4 Be7 6. 0-0 0-0 7. Re1 c6 8. a4 a5 9. h3 h6 10. Be3 Qc7 11. Qd2 exd4 12. Bxd4 Ne5 13. Be2 Be6 14. Rad1 Nxf3+ 15. Bxf3 Nd7 16. Bg4 Rad8 17. Ne2 Bxg4 18. hxg4 Bf6 19. Ng3 Bxd4 20. Qxd4 Qb6 21. Nf5 Qxd4 22. Rxd4 Nb6 23. b3 d5 24. exd5 Nxd5 25. Kf1 Nf6 26. Red1 Rxd4 27. Rxd4 Rb8 28. f3 Kf8 29. Rd6 Ne8 30. Rd3 b5 31. Nd4 Rb6 32. Rc3 bxa4 33. bxa4 Rb4 34. Nb3 Rxa4 35. Rxc6 Ra2 36. Ke2 a4 37. Nc1 Ra1 38. Kd2 Nf6 39. Rc5 Nd7 40. Rb5 Ke7 41. c3 1/2-1/2

[Event "FRA-ch Accession"]
[Site "Nimes"]
[Date "2009.08.13"]
[Round "3"]
[White "Favarel, Antoine"]
[Black "Grimberg, Gilbert"]
[Result "1-0"]
[WhiteElo "2213"]
[BlackElo "2336"]
[PlyCount "91"]
[EventDate "2009.08.11"]
[EventType "swiss"]
[EventRounds "9"]
[EventCountry "FRA"]
[SourceTitle "CBM 132 Extra"]
[Source "ChessBase"]
[SourceDate "2009.11.03"]
[SourceVersion "1"]
[SourceVersionDate "2009.11.03"]
[SourceQuality "1"]

1. e4 e6 2. d4 d5 3. Nd2 Nc6 4. Ngf3 Nf6 5. e5 Nd7 6. Bb5 Ncb8 7. 0-0 b6 8. Re1 Ba6 9. Bxa6 Nxa6 10. c4 c6 11. Qe2 Nc7 12. Nf1 Be7 13. Be3 0-0 14. Rac1 Rc8 15. Ng3 dxc4 16. Rxc4 Nd5 17. Rec1 Nb8 18. a3 Re8 19. Ne4 h6 20. Nfd2 Qd7 21. R4c2 f5 22. exf6 Nxf6 23. Nxf6+ Bxf6 24. Qg4 h5 25. Qxh5 Bxd4 26. Bxd4 Qxd4 27. Nf3 Qf6 28. Ng5 Qh6 29. Qf7+ Kh8 30. Qxe8+ Rxe8 31. Nf7+ Kh7 32. Nxh6 gxh6 33. Rd2 Kg6 34. Rcd1 Kf7 35. f3 Ke7 36. Kf2 Rc8 37. b4 c5 38. b5 Rc7 39. a4 Nd7 40. a5 Nf6 41. Re1 bxa5 42. Rde2 Nd5 43. Rxe6+ Kd7 44. Ra6 Nb6 45. Rxa5 Kc8 46. Re6 1-0

[Event "FRA-chT2 0405"]
[Site "France"]
[Date "2004.12.05"]
[Round "4.2"]
[White "Trommsdorf, Fro"]
[Black "Grimberg, Gilbert"]
[Result "0-1"]
[WhiteElo "2196"]
[BlackElo "2327"]
[PlyCount "58"]
[EventDate "2004.10.10"]
[EventType "team"]
[EventRounds "11"]
[EventCountry "FRA"]
[SourceTitle "EXT 2006"]
[Source "ChessBase"]
[SourceDate "2005.11.24"]
[SourceVersion "1"]
[SourceVersionDate "2005.11.24"]
[SourceQuality "1"]
[WhiteTeam "Issy les Moulineaux"]
[BlackTeam "Clichy  II"]
[WhiteTeamCountry "FRA"]
[BlackTeamCountry "FRA"]

1. d4 d6 2. e4 Nf6 3. Bd3 Nc6 4. c3 e5 5. Ne2 d5 6. exd5 Qxd5 7. 0-0 e4 8. Re1 Bd6 9. Ng3 Bxg3 10. hxg3 0-0 11. Be2 Bf5 12. g4 Bg6 13. Bf4 Qd7 14. Bg3 Rae8 15. Na3 Nd5 16. Nc2 Kh8 17. Qd2 f5 18. gxf5 Qxf5 19. Bc4 Rf6 20. Bxd5 Qxd5 21. Bxc7 Bf7 22. Ne3 Qd7 23. Bg3 Rh6 24. b3 b5 25. Rad1 Bh5 26. Rc1 Bf3 27. Rc2 b4 28. d5 Ne5 29. cxb4 Bxg2 0-1

[Event "Clichy Trophee Elyo"]
[Site "Clichy"]
[Date "2004.??.??"]
[Round "8"]
[White "Gervasio, Ricardo"]
[Black "Grimberg, Gilbert"]
[Result "0-1"]
[WhiteElo "2280"]
[BlackElo "2327"]
[PlyCount "82"]
[EventDate "2004.10.01"]
[EventType "tourn"]
[EventRounds "9"]
[EventCountry "FRA"]
[EventCategory "4"]
[SourceTitle "CBM 102 Extra"]
[Source "ChessBase"]
[SourceDate "2004.11.03"]
[SourceVersion "1"]
[SourceVersionDate "2004.11.03"]
[SourceQuality "1"]

1. e4 d6 2. d4 Nf6 3. Nc3 Nbd7 4. g3 e5 5. Bg2 g6 6. Nge2 Bg7 7. 0-0 0-0 8. h3 a6 9. a4 exd4 10. Nxd4 Re8 11. Re1 Nc5 12. a5 Bd7 13. g4 h6 14. f4 c6 15. f5 b5 16. b4 Nb7 17. fxg6 fxg6 18. e5 dxe5 19. Nb3 Qe7 20. Ne4 Nxe4 21. Bxe4 Rad8 22. Qf3 Rf8 23. Qg2 Qe8 24. Be3 Nd6 25. Nc5 Nxe4 26. Nxe4 Be6 27. Bc5 Rf4 28. Nd6 Qd7 29. Rad1 Bd5 30. Rxd5 cxd5 31. Qxd5+ Kh7 32. Rd1 Rd4 33. Rxd4 exd4 34. Qf3 Qe6 35. Ne4 Re8 36. Nf2 Rd8 37. g5 Qf5 38. Qxf5 gxf5 39. Nd3 hxg5 40. Kf2 Re8 41. Kf3 Kg6 0-1

[Event "Clichy Trophee Elyo"]
[Site "Clichy"]
[Date "2004.??.??"]
[Round "6"]
[White "Van Hoolandt, Patrick"]
[Black "Grimberg, Gilbert"]
[Result "0-1"]
[WhiteElo "2269"]
[BlackElo "2327"]
[PlyCount "102"]
[EventDate "2004.10.01"]
[EventType "tourn"]
[EventRounds "9"]
[EventCountry "FRA"]
[EventCategory "4"]
[SourceTitle "CBM 102 Extra"]
[Source "ChessBase"]
[SourceDate "2004.11.03"]
[SourceVersion "1"]
[SourceVersionDate "2004.11.03"]
[SourceQuality "1"]

1. c4 e6 2. Nf3 d5 3. g3 Nf6 4. Bg2 Be7 5. 0-0 0-0 6. b3 b6 7. Bb2 Bb7 8. e3 dxc4 9. bxc4 Nc6 10. d4 Na5 11. Nbd2 c5 12. Rc1 cxd4 13. Nxd4 Bxg2 14. Kxg2 Rc8 15. Qf3 Nd7 16. N4b3 Nc6 17. Qe4 Qc7 18. f4 Rfd8 19. Rfd1 Nf6 20. Qb1 Nb4 21. Nd4 Qb7+ 22. Kg1 Na6 23. h3 Nc5 24. Kh2 Rd7 25. N2f3 Nfe4 26. Ne5 Rdd8 27. Qc2 Bf6 28. Ng4 Be7 29. Ne5 Bd6 30. Nef3 Bb8 31. Qe2 Qa6 32. Ba1 Bd6 33. Nb5 Bf8 34. Ne5 Qb7 35. Ng4 f6 36. Nd4 Qf7 37. Rf1 Qg6 38. Rcd1 h5 39. Nf2 Qxg3+ 40. Kh1 Nxf2+ 41. Rxf2 Qxh3+ 42. Rh2 Qg4 43. Qc2 Ne4 44. Rg2 Qh3+ 45. Rh2 Ng3+ 46. Kg1 Qg4 47. Rc1 h4 48. Kf2 Bc5 49. Nf3 Nf5 50. Ke2 Bxe3 51. Rd1 Qxf4 0-1

[Event "Bois Colombes schev"]
[Site "Bois Colombes"]
[Date "2003.12.30"]
[Round "7"]
[White "Pietrasanta, Jeremy"]
[Black "Grimberg, Gilbert"]
[Result "0-1"]
[WhiteElo "2199"]
[BlackElo "2312"]
[PlyCount "118"]
[EventDate "2003.12.22"]
[EventType "schev"]
[EventRounds "7"]
[EventCountry "FRA"]
[SourceTitle "EXT 2005"]
[Source "ChessBase"]
[SourceDate "2004.11.15"]
[SourceVersion "1"]
[SourceVersionDate "2004.11.15"]
[SourceQuality "1"]

1. e4 c5 2. Nf3 e6 3. d3 Nc6 4. g3 d5 5. Nbd2 Bd6 6. Bg2 Nge7 7. 0-0 0-0 8. Re1 Bc7 9. c3 b6 10. exd5 exd5 11. Nf1 Bg4 12. Ne3 Bh5 13. Qb3 Qd7 14. Ng5 h6 15. Nh3 Rad8 16. f4 d4 17. Nc4 dxc3 18. bxc3 Bg4 19. Nf2 Be6 20. Qa4 Rb8 21. Ne3 b5 22. Qc2 b4 23. Ne4 Bb6 24. c4 Nd4 25. Qd1 Rbd8 26. Nf2 Ndf5 27. Bb2 Nxe3 28. Rxe3 Nf5 29. Re1 Nd4 30. Qh5 Rde8 31. Rac1 Kh7 32. g4 g6 33. Qh4 f5 34. Nh3 Bd8 35. Ng5+ Kg7 36. Nxe6+ Rxe6 37. g5 hxg5 38. fxg5 Rh8 39. Qf2 Rxe1+ 40. Rxe1 Bxg5 41. Bxd4+ Qxd4 42. Qxd4+ cxd4 43. Re6 Be3+ 44. Kh1 Rb8 45. c5 b3 46. axb3 Rxb3 47. Bf3 Rxd3 48. c6 Rc3 49. Re7+ Kf6 50. Rxa7 Bf4 51. Kg2 Rc2+ 52. Kf1 Bxh2 53. Rd7 Be5 54. Ke1 g5 55. Kd1 Rc3 56. Bd5 g4 57. Rf7+ Kg6 58. Re7 Bf4 59. Re8 d3 0-1

[Event "Bois Colombes schev"]
[Site "Bois Colombes"]
[Date "2003.12.29"]
[Round "6"]
[White "Grimberg, Gilbert"]
[Black "L'Henoret, Thierry"]
[Result "1/2-1/2"]
[WhiteElo "2312"]
[BlackElo "2097"]
[PlyCount "129"]
[EventDate "2003.12.22"]
[EventType "schev"]
[EventRounds "7"]
[EventCountry "FRA"]
[SourceTitle "EXT 2005"]
[Source "ChessBase"]
[SourceDate "2004.11.15"]
[SourceVersion "1"]
[SourceVersionDate "2004.11.15"]
[SourceQuality "1"]

1. c4 c6 2. d4 d5 3. Nf3 Nf6 4. Nc3 e6 5. Bg5 Be7 6. e3 0-0 7. Qc2 Nbd7 8. Rd1 Qa5 9. cxd5 exd5 10. Bd3 Bd6 11. 0-0 h6 12. Bh4 Re8 13. a3 Qc7 14. Rc1 Qb8 15. Rfe1 g5 16. Bg3 Bxg3 17. hxg3 Nb6 18. Ne5 Ng4 19. f4 Qd6 20. Nd1 Qf8 21. Nf2 Nxf2 22. Kxf2 Qg7 23. Rh1 f6 24. Nf3 Bg4 25. Nh2 Bd7 26. Bf5 Nc4 27. Ng4 Bxf5 28. Qxf5 Nd6 29. Qd3 Nf7 30. Kf3 Re6 31. Rce1 Rae8 32. Qf5 Kf8 33. Nf2 Nd6 34. Qh3 Nc4 35. e4 Nd2+ 36. Ke2 Nxe4 37. Nxe4 Rxe4+ 38. Kf2 gxf4 39. g4 f5 40. Rxe4 Rxe4 41. Qxh6 Qxh6 42. Rxh6 fxg4 43. Rh4 g3+ 44. Kf3 Rxd4 45. Rh7 Rd2 46. Kxf4 Rxb2 47. Kxg3 a5 48. Kf4 b5 49. Rc7 Rc2 50. Ke5 b4 51. axb4 axb4 52. Rb7 Rc4 53. Rb6 Ke7 54. g4 Kf7 55. Kf5 c5 56. Rb7+ Kg8 57. g5 Rc1 58. Rb8+ Kg7 59. Rb7+ Kf8 60. g6 Rf1+ 61. Kg5 Kg8 62. Kh6 Rh1+ 63. Kg5 Re1 64. Rb8+ Kg7 65. Rb7+ 1/2-1/2

[Event "Bois Colombes schev"]
[Site "Bois Colombes"]
[Date "2003.12.22"]
[Round "1"]
[White "Guichard, Pauline"]
[Black "Grimberg, Gilbert"]
[Result "1-0"]
[WhiteElo "1996"]
[BlackElo "2312"]
[PlyCount "69"]
[EventDate "2003.12.22"]
[EventType "schev"]
[EventRounds "7"]
[EventCountry "FRA"]
[SourceTitle "EXT 2005"]
[Source "ChessBase"]
[SourceDate "2004.11.15"]
[SourceVersion "1"]
[SourceVersionDate "2004.11.15"]
[SourceQuality "1"]

1. d4 Nf6 2. c4 g6 3. Nc3 Bg7 4. e4 d6 5. Be2 0-0 6. Nf3 Bg4 7. 0-0 Nfd7 8. Ne1 Bxe2 9. Nxe2 c5 10. Be3 Nc6 11. f4 Nf6 12. d5 Na5 13. Qc2 e6 14. dxe6 fxe6 15. Rd1 Qe7 16. h3 Nc6 17. Nc3 Nd4 18. Qf2 Nh5 19. Nd3 g5 20. Qd2 gxf4 21. Nxf4 Ng3 22. Rf2 Qh4 23. Qe1 Rf6 24. Nd3 Raf8 25. Rxf6 Rxf6 26. Bf2 Rg6 27. Kh2 Nf3+ 28. gxf3 Rh6 29. Nf4 Be5 30. Bxg3 Bxf4 31. Bxf4 Qxh3+ 32. Kg1 Rg6+ 33. Kf2 e5 34. Qh1 Qe6 35. Be3 1-0

[Event "Elancourt"]
[Site "Elancourt"]
[Date "2003.06.25"]
[Round "5"]
[White "Moracchini, Fabrice"]
[Black "Grimberg, Gilbert"]
[Result "0-1"]
[WhiteElo "2302"]
[BlackElo "2340"]
[PlyCount "77"]
[EventDate "2003.06.21"]
[EventType "tourn"]
[EventRounds "10"]
[EventCountry "FRA"]
[EventCategory "5"]
[SourceTitle "EXT 2004"]
[Source "ChessBase"]
[SourceDate "2003.11.25"]
[SourceVersion "1"]
[SourceVersionDate "2003.11.25"]
[SourceQuality "1"]

1. d4 Nf6 2. c4 d6 3. Nf3 Nbd7 4. Nc3 e5 5. g3 Be7 6. Bg2 0-0 7. 0-0 c6 8. e4 Re8 9. h3 Bf8 10. Re1 a6 11. a3 Qc7 12. d5 cxd5 13. cxd5 b5 14. Be3 Nb6 15. Nd2 Bd7 16. Rc1 Qb7 17. Na2 Rec8 18. Rxc8 Rxc8 19. Qb1 Be7 20. Rc1 Bd8 21. Rxc8 Nxc8 22. Qc2 Bb6 23. Bxb6 Qxb6 24. Qc3 Ne8 25. Nb3 Nc7 26. Kh2 g6 27. Qd2 Kg7 28. Bf1 h6 29. Kg2 f5 30. f3 Ne8 31. Bd3 Nf6 32. Qf2 fxe4 33. Qxb6 exf3+ 34. Kxf3 Nxb6 35. Nb4 Bc8 36. Be4 Nc4 37. g4 a5 38. Nc6 a4 39. Nba5 0-1

[Event "Clichy Masters 17th"]
[Site "Clichy"]
[Date "2003.03.29"]
[Round "8"]
[White "Grimberg, Gilbert"]
[Black "Georgiev, Krum"]
[Result "0-1"]
[WhiteElo "2340"]
[BlackElo "2529"]
[PlyCount "84"]
[EventDate "2003.03.22"]
[EventType "tourn"]
[EventRounds "9"]
[EventCountry "FRA"]
[EventCategory "4"]
[SourceTitle "CBM 093 Extra"]
[Source "ChessBase"]
[SourceDate "2003.05.09"]
[SourceVersion "1"]
[SourceVersionDate "2003.05.09"]
[SourceQuality "1"]

1. Nf3 Nf6 2. g3 g6 3. Bg2 Bg7 4. 0-0 0-0 5. d4 c6 6. c3 d6 7. Re1 Qc7 8. e4 e5 9. Qc2 Nbd7 10. Nbd2 Rd8 11. b3 Nf8 12. Bb2 a5 13. Rad1 a4 14. b4 exd4 15. cxd4 d5 16. e5 Bf5 17. Qc1 Ne4 18. Nh4 Be6 19. Nf1 f6 20. f3 Ng5 21. f4 Nh3+ 22. Bxh3 Bxh3 23. Ne3 Ne6 24. Nf3 Qf7 25. exf6 Bxf6 26. Ne5 Qg7 27. Qc3 Nc7 28. N3g4 a3 29. Bc1 Bxg4 30. Nxg4 Nb5 31. Nxf6+ Qxf6 32. Qd3 Ra4 33. Qb3 Rda8 34. Re5 Qd6 35. f5 Nxd4 36. Rxd4 Qxe5 37. Qd1 Qxf5 38. Bh6 Qh5 39. Qc1 Re8 40. Rh4 Qe5 41. Rf4 Qe1+ 42. Qxe1 Rxe1+ 0-1

[Event "Clichy Masters 17th"]
[Site "Clichy"]
[Date "2003.03.26"]
[Round "5"]
[White "Sidhoum, Mohamed"]
[Black "Grimberg, Gilbert"]
[Result "1/2-1/2"]
[WhiteElo "2150"]
[BlackElo "2340"]
[PlyCount "134"]
[EventDate "2003.03.22"]
[EventType "tourn"]
[EventRounds "9"]
[EventCountry "FRA"]
[EventCategory "4"]
[SourceTitle "CBM 093 Extra"]
[Source "ChessBase"]
[SourceDate "2003.05.09"]
[SourceVersion "1"]
[SourceVersionDate "2003.05.09"]
[SourceQuality "1"]

1. d4 d6 2. Nf3 Bg4 3. c4 Nf6 4. Nc3 Nbd7 5. e4 e5 6. Be2 Be7 7. 0-0 0-0 8. Be3 c6 9. Rc1 Re8 10. d5 h6 11. b4 a5 12. dxc6 bxc6 13. b5 c5 14. Ne1 Be6 15. f3 Nb6 16. Na4 Nfd7 17. Nxb6 Nxb6 18. g4 Bg5 19. Ng2 Bxe3+ 20. Nxe3 Qg5 21. Ng2 Rad8 22. h4 Qe7 23. Qc2 Nd7 24. Kf2 Nf8 25. Rh1 Bc8 26. Ne3 Ne6 27. Nd5 Qf8 28. g5 Bb7 29. gxh6 g6 30. Nf6+ Kh8 31. Rcg1 Nf4 32. Ng4 Bc8 33. h7 Kxh7 34. h5 g5 35. Nf6+ Kg7 36. Nd5 Kh6 37. Nxf4 gxf4 38. Qd1 Be6 39. Qf1 Qe7 40. a4 Rg8 41. Bd3 Kh7 42. Rg2 Rg3 43. Rxg3 fxg3+ 44. Kxg3 Qg5+ 45. Kf2 Rg8 46. Ke2 Qf4 47. Qf2 Rg3 48. Rh2 Rxf3 49. Qxf3 Bg4 50. Rf2 Bxf3+ 51. Rxf3 Qh2+ 52. Rf2 Qxh5+ 53. Kd2 Qg5+ 54. Kc2 Kg7 55. Rf1 Qd8 56. Rb1 Qb6 57. Be2 f5 58. exf5 e4 59. Rd1 Kf6 60. Rd5 Qd8 61. Kd2 Qh8 62. Ke3 Qh2 63. b6 Kg5 64. Kd2 Kf4 65. b7 Qh8 66. f6 e3+ 67. Kc1 Qh1+ 1/2-1/2

[Event "Clichy Masters 17th"]
[Site "Clichy"]
[Date "2003.03.25"]
[Round "4"]
[White "Grimberg, Gilbert"]
[Black "Le Roux, Jean Pierre"]
[Result "0-1"]
[WhiteElo "2340"]
[BlackElo "2364"]
[PlyCount "88"]
[EventDate "2003.03.22"]
[EventType "tourn"]
[EventRounds "9"]
[EventCountry "FRA"]
[EventCategory "4"]
[SourceTitle "CBM 093 Extra"]
[Source "ChessBase"]
[SourceDate "2003.05.09"]
[SourceVersion "1"]
[SourceVersionDate "2003.05.09"]
[SourceQuality "1"]

1. d4 d5 2. c4 dxc4 3. e3 e5 4. Bxc4 Nc6 5. Nf3 e4 6. Nfd2 Qg5 7. Kf1 Nf6 8. Nc3 Qf5 9. a3 Bd6 10. Qc2 0-0 11. Ndxe4 Nxe4 12. Qxe4 Qh5 13. Be2 Qh6 14. Qf3 Qg6 15. h4 Na5 16. Qh5 Qxh5 17. Bxh5 Nb3 18. Rb1 c5 19. Bd1 Nxc1 20. Rxc1 cxd4 21. exd4 Rd8 22. Bf3 Rb8 23. g3 b5 24. Ne4 Bf8 25. Rd1 b4 26. a4 b3 27. Nc3 Bb4 28. Be4 Bd7 29. Kg2 Re8 30. Bf3 Bxc3 31. bxc3 b2 32. c4 Bxa4 33. Rb1 Bc2 34. c5 Bxb1 35. Rxb1 Rec8 36. c6 Kf8 37. d5 Ke7 38. Kf1 Kd6 39. Ke2 Rb3 40. Bg4 Re8+ 41. Kd2 a5 42. Bd1 Rb5 43. Kc2 Re1 44. Kd2 Re8 0-1

[Event "Paris Department-ch"]
[Site "Paris"]
[Date "2003.??.??"]
[Round "4"]
[White "Piankov, Evgenij"]
[Black "Grimberg, Gilbert"]
[Result "0-1"]
[WhiteElo "2378"]
[BlackElo "2340"]
[PlyCount "143"]
[EventDate "2003.02.14"]
[EventType "swiss"]
[EventRounds "6"]
[EventCountry "FRA"]
[SourceTitle "EXT 2004"]
[Source "ChessBase"]
[SourceDate "2003.11.25"]
[SourceVersion "1"]
[SourceVersionDate "2003.11.25"]
[SourceQuality "1"]

1. d4 d6 2. Nf3 g6 3. c3 Bg7 4. Bg5 Nf6 5. Nbd2 Nbd7 6. e4 e5 7. dxe5 dxe5 8. Bc4 h6 9. Bh4 Qe7 10. 0-0 0-0 11. Qc2 Re8 12. Rfd1 Qf8 13. Nf1 Nb6 14. Be2 Nh5 15. Ne3 Nf4 16. Bf1 Be6 17. c4 Nd7 18. Rd2 Rac8 19. Rad1 Nb8 20. Qb3 b6 21. Qa4 a5 22. Qb5 Qc5 23. Qxc5 bxc5 24. Nd5 g5 25. Bg3 Nc6 26. Ne1 Nd4 27. Nd3 c6 28. Nc3 Bg4 29. f3 Bxf3 30. gxf3 Nxf3+ 31. Kf2 Nxd2 32. Rxd2 Rcd8 33. Ke1 Bf8 34. Bf2 f5 35. Nxc5 Rxd2 36. Kxd2 Bxc5 37. Bxc5 Ne6 38. Bb6 f4 39. Be2 Nd4 40. Bh5 Rb8 41. Na4 Ne6 42. b3 Ng7 43. Bg6 Rf8 44. Nc5 Rf6 45. Bf5 Nxf5 46. exf5 Rxf5 47. Ne4 g4 48. Bxa5 h5 49. Bd8 Rf8 50. Bh4 Ra8 51. a4 Kf7 52. Kd3 Kg6 53. c5 Kf5 54. Nd6+ Ke6 55. Kc4 Rg8 56. Ne4 g3 57. hxg3 fxg3 58. Bxg3 h4 59. Bf2 Rg2 60. Bxh4 Rg4 61. Bd8 Rxe4+ 62. Kc3 Kd5 63. Bb6 Re3+ 64. Kb4 Rh3 65. a5 e4 66. a6 e3 67. Kc3 Ke4 68. Ba5 Rh8 69. b4 Ra8 70. b5 cxb5 71. Kb4 Rxa6 72. Bd8 0-1